| 000 | 00447nam a2200145Ia 4500 | ||
|---|---|---|---|
| 005 | 20250424120233.0 | ||
| 008 | 250424s9999 xx 000 0 und d | ||
| 022 | _aLB 2970 .N55 E387/ | ||
| 050 | _aEducation trust fund | ||
| 245 | 0 | _aAbuja | |
| 260 | _aEducation Trust Fund | ||
| 260 | _cvolumes : color illustrations ; 23 cm. | ||
| 300 | _aEducation Trust Fund (Nigeria)--Periodicals. Education and state--Nigeria--Periodicals. | ||
| 650 | _aSR | ||
| 999 |
_c38169 _d38169 |
||